000 00685nam a2200253 i 4500
001 C2-0292392
003 PPAK
005 20180728024426.0
008 090105s2005 nyu |||| ||||| | eng d
020 _a1931082790
040 _aPPAK
_beng
_cPPAK
_erda
082 0 4 _a823
_223
090 0 0 _a823
_bROT
_dLCK
100 1 _aRoth, Philip,
_eauthor
245 1 0 _aNovels & stories 1959-1962
264 1 _aNew York :
_bThe Library of America ,
_c2005
300 _a913 pages ;
_c21 cm
336 _2rdacontent
_atext
337 _2rdamedia
_aunmediated
338 _2rdacarrier
_avolume
500 _aIncludes bibliographical references
650 1 0 _aEnglish fiction
942 _ddc
_cB
999 _c97272
_d97272